<?xml version="1.0" encoding="UTF-8"?>
<record
    xmlns:xsi="http://www.w3.org/2001/XMLSchema-instance"
    xsi:schemaLocation="http://www.loc.gov/MARC21/slim http://www.loc.gov/standards/marcxml/schema/MARC21slim.xsd"
    xmlns="http://www.loc.gov/MARC21/slim">

  <leader>00722nam a22001577a 4500</leader>
  <controlfield tag="003">OSt</controlfield>
  <controlfield tag="005">20160310094321.0</controlfield>
  <controlfield tag="008">160310b        xxu||||| |||| 00| 0 eng d</controlfield>
  <datafield tag="040" ind1=" " ind2=" ">
    <subfield code="c">RUA</subfield>
  </datafield>
  <datafield tag="082" ind1=" " ind2=" ">
    <subfield code="a">AGR PHE 2014 B458 Or.1</subfield>
  </datafield>
  <datafield tag="100" ind1=" " ind2=" ">
    <subfield code="9">7870</subfield>
    <subfield code="a">PHENG LONGDY ; &#x1795;&#x17C1;&#x1784; &#x17A1;&#x1784;&#x17CB;&#x178C;&#x17B8;</subfield>
  </datafield>
  <datafield tag="245" ind1=" " ind2=" ">
    <subfield code="a">Effect of different quantity of  rice bran in the growth of oyster mushroom under rice straw condition, &#x17A5;&#x1791;&#x17D2;&#x1792;&#x17B7;&#x1796;&#x179B;&#x1793;&#x17C3;&#x1794;&#x179A;&#x17B7;&#x1798;&#x17B6;&#x178E;&#x1780;&#x1793;&#x17D2;&#x1791;&#x1780;&#x17CB;&#x1781;&#x17BB;&#x179F;&#x1782;&#x17D2;&#x1793;&#x17B6;&#x179B;&#x17BE;&#x1780;&#x17B6;&#x179A;&#x179B;&#x17BC;&#x178F;&#x179B;&#x17B6;&#x179F;&#x17CB;&#x179A;&#x1794;&#x179F;&#x17CB;&#x1795;&#x17D2;&#x179F;&#x17B7;&#x178F;&#x17A2;&#x17C6;&#x1794;&#x17C4;&#x17C7;&#x1780;&#x17D2;&#x1793;&#x17BB;&#x1784;&#x179B;&#x1780;&#x17D2;&#x1781;&#x1781;&#x178E;&#x17D2;&#x178C;&#x1794;&#x17D2;&#x179A;&#x17BE;&#x1785;&#x17C6;&#x1794;&#x17BE;&#x1784;</subfield>
  </datafield>
  <datafield tag="260" ind1=" " ind2=" ">
    <subfield code="a">Phnom Penh</subfield>
    <subfield code="b">RUA</subfield>
    <subfield code="c">2014</subfield>
  </datafield>
  <datafield tag="300" ind1=" " ind2=" ">
    <subfield code="a">x ;39p.</subfield>
    <subfield code="b">ill.</subfield>
    <subfield code="c">29cm.</subfield>
  </datafield>
  <datafield tag="942" ind1=" " ind2=" ">
    <subfield code="2">ddc</subfield>
    <subfield code="c">AGR</subfield>
  </datafield>
  <datafield tag="999" ind1=" " ind2=" ">
    <subfield code="c">7465</subfield>
    <subfield code="d">7465</subfield>
  </datafield>
  <datafield tag="952" ind1=" " ind2=" ">
    <subfield code="0">0</subfield>
    <subfield code="1">0</subfield>
    <subfield code="2">ddc</subfield>
    <subfield code="4">0</subfield>
    <subfield code="6">AGR_PHE_2014_000000000000000_B458_OR_1</subfield>
    <subfield code="7">0</subfield>
    <subfield code="9">44244</subfield>
    <subfield code="a">LBB</subfield>
    <subfield code="b">LBB</subfield>
    <subfield code="c">B458</subfield>
    <subfield code="d">2016-03-10</subfield>
    <subfield code="o">AGR PHE 2014 B458 Or.1</subfield>
    <subfield code="p">RUA055857</subfield>
    <subfield code="r">2016-03-10</subfield>
    <subfield code="w">2016-03-10</subfield>
    <subfield code="y">AGR</subfield>
  </datafield>
  <datafield tag="952" ind1=" " ind2=" ">
    <subfield code="0">0</subfield>
    <subfield code="1">0</subfield>
    <subfield code="2">ddc</subfield>
    <subfield code="4">0</subfield>
    <subfield code="6">AGR_PHE_2014_000000000000000_B458_OR_2</subfield>
    <subfield code="7">0</subfield>
    <subfield code="9">44245</subfield>
    <subfield code="a">LBB</subfield>
    <subfield code="b">LBB</subfield>
    <subfield code="c">B458</subfield>
    <subfield code="d">2016-03-10</subfield>
    <subfield code="o">AGR PHE 2014 B458 Or.2</subfield>
    <subfield code="p">RUA056867</subfield>
    <subfield code="r">2016-03-10</subfield>
    <subfield code="w">2016-03-10</subfield>
    <subfield code="y">AGR</subfield>
  </datafield>
  <datafield tag="952" ind1=" " ind2=" ">
    <subfield code="0">0</subfield>
    <subfield code="1">0</subfield>
    <subfield code="2">ddc</subfield>
    <subfield code="4">0</subfield>
    <subfield code="6">AGR_PHE_2014_000000000000000_B458_OR_3</subfield>
    <subfield code="7">0</subfield>
    <subfield code="9">44246</subfield>
    <subfield code="a">LBB</subfield>
    <subfield code="b">LBB</subfield>
    <subfield code="c">B458</subfield>
    <subfield code="d">2016-03-10</subfield>
    <subfield code="l">6</subfield>
    <subfield code="o">AGR PHE 2014 B458 Or.3</subfield>
    <subfield code="p">RUA056262</subfield>
    <subfield code="r">2018-12-07</subfield>
    <subfield code="s">2018-11-13</subfield>
    <subfield code="w">2016-03-10</subfield>
    <subfield code="y">AGR</subfield>
  </datafield>
  <datafield tag="952" ind1=" " ind2=" ">
    <subfield code="0">0</subfield>
    <subfield code="1">0</subfield>
    <subfield code="2">ddc</subfield>
    <subfield code="4">0</subfield>
    <subfield code="6">AGR_PHE_2014_000000000000000_B458_OR_4</subfield>
    <subfield code="7">0</subfield>
    <subfield code="9">44247</subfield>
    <subfield code="a">LBB</subfield>
    <subfield code="b">LBB</subfield>
    <subfield code="c">B458</subfield>
    <subfield code="d">2016-03-10</subfield>
    <subfield code="l">2</subfield>
    <subfield code="o">AGR PHE 2014 B458 Or.4</subfield>
    <subfield code="p">RUA056638</subfield>
    <subfield code="r">2017-09-13</subfield>
    <subfield code="s">2017-08-08</subfield>
    <subfield code="w">2016-03-10</subfield>
    <subfield code="y">AGR</subfield>
  </datafield>
  <datafield tag="952" ind1=" " ind2=" ">
    <subfield code="0">0</subfield>
    <subfield code="1">0</subfield>
    <subfield code="2">ddc</subfield>
    <subfield code="4">0</subfield>
    <subfield code="6">AGR_PHE_2014_000000000000000_B458_OR_5</subfield>
    <subfield code="7">0</subfield>
    <subfield code="9">44248</subfield>
    <subfield code="a">LBB</subfield>
    <subfield code="b">LBB</subfield>
    <subfield code="c">B458</subfield>
    <subfield code="d">2016-03-10</subfield>
    <subfield code="l">2</subfield>
    <subfield code="m">1</subfield>
    <subfield code="o">AGR PHE 2014 B458 Or.5</subfield>
    <subfield code="p">RUA056927</subfield>
    <subfield code="r">2018-05-28</subfield>
    <subfield code="s">2018-04-24</subfield>
    <subfield code="w">2016-03-10</subfield>
    <subfield code="y">AGR</subfield>
  </datafield>
  <datafield tag="952" ind1=" " ind2=" ">
    <subfield code="0">0</subfield>
    <subfield code="1">0</subfield>
    <subfield code="2">ddc</subfield>
    <subfield code="4">0</subfield>
    <subfield code="6">AGR_PHE_2014_000000000000000_B458_OR_6</subfield>
    <subfield code="7">0</subfield>
    <subfield code="9">44249</subfield>
    <subfield code="a">LBB</subfield>
    <subfield code="b">LBB</subfield>
    <subfield code="c">B458</subfield>
    <subfield code="d">2016-03-10</subfield>
    <subfield code="l">1</subfield>
    <subfield code="o">AGR PHE 2014 B458 Or.6</subfield>
    <subfield code="p">RUA056670</subfield>
    <subfield code="r">2020-03-09</subfield>
    <subfield code="s">2020-02-24</subfield>
    <subfield code="w">2016-03-10</subfield>
    <subfield code="y">AGR</subfield>
  </datafield>
  <datafield tag="952" ind1=" " ind2=" ">
    <subfield code="0">0</subfield>
    <subfield code="1">0</subfield>
    <subfield code="2">ddc</subfield>
    <subfield code="4">0</subfield>
    <subfield code="6">AGR_PHE_2014_000000000000000_B458_OR_7</subfield>
    <subfield code="7">0</subfield>
    <subfield code="9">44250</subfield>
    <subfield code="a">LBB</subfield>
    <subfield code="b">LBB</subfield>
    <subfield code="c">B458</subfield>
    <subfield code="d">2016-03-10</subfield>
    <subfield code="o">AGR PHE 2014 B458 Or.7</subfield>
    <subfield code="p">RUA056830</subfield>
    <subfield code="r">2016-03-10</subfield>
    <subfield code="w">2016-03-10</subfield>
    <subfield code="y">AGR</subfield>
  </datafield>
  <datafield tag="952" ind1=" " ind2=" ">
    <subfield code="0">0</subfield>
    <subfield code="1">0</subfield>
    <subfield code="2">ddc</subfield>
    <subfield code="4">0</subfield>
    <subfield code="6">AGR_PHE_2014_000000000000000_B458_OR_8</subfield>
    <subfield code="7">0</subfield>
    <subfield code="9">44251</subfield>
    <subfield code="a">LBB</subfield>
    <subfield code="b">LBB</subfield>
    <subfield code="c">B458</subfield>
    <subfield code="d">2016-03-10</subfield>
    <subfield code="o">AGR PHE 2014 B458 Or.8</subfield>
    <subfield code="p">RUA056926</subfield>
    <subfield code="r">2016-03-10</subfield>
    <subfield code="w">2016-03-10</subfield>
    <subfield code="y">AGR</subfield>
  </datafield>
  <datafield tag="952" ind1=" " ind2=" ">
    <subfield code="0">0</subfield>
    <subfield code="1">0</subfield>
    <subfield code="2">ddc</subfield>
    <subfield code="4">0</subfield>
    <subfield code="6">AGR_PHE_2014_000000000000000_B691_OR_1</subfield>
    <subfield code="7">0</subfield>
    <subfield code="9">87027</subfield>
    <subfield code="a">LBB</subfield>
    <subfield code="b">LBB</subfield>
    <subfield code="c">B691</subfield>
    <subfield code="d">2021-10-11</subfield>
    <subfield code="l">4</subfield>
    <subfield code="o">AGR PHE 2014 B691 Or.1</subfield>
    <subfield code="p">A066647</subfield>
    <subfield code="r">2022-10-10</subfield>
    <subfield code="s">2022-09-30</subfield>
    <subfield code="w">2021-10-11</subfield>
    <subfield code="y">AGR</subfield>
  </datafield>
  <datafield tag="952" ind1=" " ind2=" ">
    <subfield code="0">0</subfield>
    <subfield code="1">0</subfield>
    <subfield code="2">ddc</subfield>
    <subfield code="4">0</subfield>
    <subfield code="6">AGR_PHE_2014_000000000000000_B691_OR_1</subfield>
    <subfield code="7">0</subfield>
    <subfield code="9">87028</subfield>
    <subfield code="a">LBB</subfield>
    <subfield code="b">LBB</subfield>
    <subfield code="c">B691</subfield>
    <subfield code="d">2021-10-11</subfield>
    <subfield code="o">AGR PHE 2014 B691 Or.1</subfield>
    <subfield code="p">A066375</subfield>
    <subfield code="r">2021-10-11</subfield>
    <subfield code="w">2021-10-11</subfield>
    <subfield code="y">AGR</subfield>
  </datafield>
</record>
